[Event "EU-chT Seniors 09th"]
[Site "Dresden"]
[Date "2007.02.19"]
[Round "4"]
[White "Beer, Albrecht"]
[Black "Stavenhagen, Johannes"]
[Result "1/2-1/2"]
[WhiteElo "1657"]
[BlackElo "2046"]
[PlyCount "48"]
[EventDate "2007.02.16"]
[EventType "team-swiss"]
[EventRounds "9"]
[EventCountry "GER"]
[SourceTitle "CBM 117 Extra"]
[Source "ChessBase"]
[SourceDate "2007.05.09"]
[SourceVersion "1"]
[SourceVersionDate "2007.05.09"]
[SourceQuality "1"]

1. c4 Nf6 2. Nc3 e6 3. e4 d6 4. g3 c5 5. Bg2 Nc6 6. Nge2 e5 7. d3 h6 8. 0-0 Be7 9. f4 Bg4 10. h3 Bxe2 11. Nxe2 Qd7 12. Be3 0-0 13. g4 Nh7 14. Ng3 b6 15. Qd2 Rad8 16. Bf3 exf4 17. Bxf4 Bg5 18. Kg2 Nd4 19. Nf5 Nxf5 20. gxf5 Qe7 21. Rad1 Qf6 22. Bxg5 Nxg5 23. Qf2 Rfe8 24. Rd2 Nxf3 1/2-1/2

[Event "EU-chT Seniors 09th"]
[Site "Dresden"]
[Date "2007.02.17"]
[Round "2"]
[White "Beer, Albrecht"]
[Black "Gohlke, Herbert"]
[Result "0-1"]
[WhiteElo "1657"]
[BlackElo "2100"]
[PlyCount "66"]
[EventDate "2007.02.16"]
[EventType "team-swiss"]
[EventRounds "9"]
[EventCountry "GER"]
[SourceTitle "CBM 117 Extra"]
[Source "ChessBase"]
[SourceDate "2007.05.09"]
[SourceVersion "1"]
[SourceVersionDate "2007.05.09"]
[SourceQuality "1"]

1. c4 e5 2. Nc3 d6 3. e4 Nc6 4. d3 f5 5. Nge2 Nf6 6. f3 f4 7. Bxf4 exf4 8. Nxf4 Nd4 9. Qd2 c6 10. Qf2 Qb6 11. Rb1 Be7 12. b4 Ne6 13. Nxe6 Qxf2+ 14. Kxf2 Bxe6 15. d4 0-0 16. Bd3 Nh5 17. g3 Bf6 18. Ne2 g6 19. Ke3 Bh3 20. Rhg1 Bd7 21. a4 Rae8 22. a5 Bc8 23. c5 d5 24. e5 a6 25. f4 Bg4 26. Rgf1 Bd8 27. Rf2 Ng7 28. Kd2 Ne6 29. Kc3 Rf7 30. Ng1 Ref8 31. Rd2 g5 32. fxg5 Bxg5 33. Rdb2 Be3 0-1

[Event "EU-chT Seniors 09th"]
[Site "Dresden"]
[Date "2007.02.16"]
[Round "1"]
[White "Csulits, Anton"]
[Black "Beer, Albrecht"]
[Result "1-0"]
[WhiteElo "2256"]
[BlackElo "1657"]
[PlyCount "53"]
[EventDate "2007.02.16"]
[EventType "team-swiss"]
[EventRounds "9"]
[EventCountry "GER"]
[SourceTitle "CBM 117 Extra"]
[Source "ChessBase"]
[SourceDate "2007.05.09"]
[SourceVersion "1"]
[SourceVersionDate "2007.05.09"]
[SourceQuality "1"]

1. d4 Nf6 2. Nf3 d5 3. g3 g6 4. Bg2 Bg7 5. 0-0 0-0 6. c4 c6 7. Nc3 dxc4 8. a4 a5 9. h3 Nbd7 10. e4 Re8 11. Be3 Nb6 12. Qe2 Nfd7 13. Rfd1 Qc7 14. Rac1 e6 15. Nd2 Qd8 16. Nxc4 Nxc4 17. Qxc4 Qe7 18. Qb3 Qb4 19. Qc2 Nf6 20. Na2 Qe7 21. Qb3 h6 22. f4 Rd8 23. Bf2 Kh7 24. Rc5 Nd7 25. Rc4 Qd6 26. Rcc1 b5 27. e5 1-0